Modern constitutions / (Record no. 9016)
[ view plain ]
| 000 -LEADER | |
|---|---|
| fixed length control field | 00844cam a2200253 a 4500 |
| 001 - CONTROL NUMBER | |
| JCCL Control Number | 9016 |
| 003 - CONTROL NUMBER IDENTIFIER | |
| JCCL marc code | BD-JhCC |
| 005 - DATE AND TIME OF LATEST TRANSACTION | |
| control field | 20190321100709.0 |
| 008 - FIXED-LENGTH DATA ELEMENTS--GENERAL INFORMATION | |
| fixed length control field | 080303r19641951enka 001 0 eng |
| 035 ## - SYSTEM CONTROL NUMBER | |
| system control number | (BD-JhCC)9016 |
| 040 ## - CATALOGING SOURCE | |
| Original cataloging agency | UkCU |
| Transcribing agency | UkCU |
| Modifying agency | BD-JhCC |
| 041 ## - LANGUAGE CODE | |
| Language code of Book | eng |
| 082 ## - DEWEY DECIMAL CLASSIFICATION NUMBER | |
| Author mark and Year | WHE 1951 |
| Classification number | 342.02 |
| 100 0# - MAIN ENTRY--PERSONAL NAME | |
| Personal name | Wheare, K. C. |
| Fuller form of name | (Kenneth Clinton), |
| Dates associated with a name | 1907- |
| 245 10 - TITLE STATEMENT | |
| Title | Modern constitutions / |
| Statement of responsibility, etc | K. C. Wheare. |
| 260 ## - PUBLICATION, DISTRIBUTION, ETC. (IMPRINT) | |
| Place of publication, distribution, etc | London : |
| Name of publisher, distributor, etc | Oxford University Press, |
| Date of publication, distribution, etc | 1951 [reprinted 1952, 1956, 1958, 1960 (with revisions), 1962 and 1964] |
| 300 ## - PHYSICAL DESCRIPTION | |
| Pagination | vii, 216 p. ; |
| Dimensions | 17 cm. |
| 490 1# - SERIES STATEMENT | |
| Series statement | Home university library of modern knowledge ; |
| Volume number/sequential designation | 213 |
| 504 ## - BIBLIOGRAPHY, ETC. NOTE | |
| Bibliography, etc | Includes bibliographical references and index. |
| 650 #0 - SUBJECT ADDED ENTRY--TOPICAL TERM | |
| Topical term or geographic name as entry element | Constitutional law. |
| 830 #0 - SERIES ADDED ENTRY--UNIFORM TITLE | |
| Uniform title | Home university library of modern knowledge ; |
| Volume number/sequential designation | 213. |
| 942 ## - ADDED ENTRY ELEMENTS (KOHA) | |
| Source of classification or shelving scheme | Dewey Decimal Classification |
| Koha item type | Books |
| Source of classification or shelving scheme | Damaged status | Not for loan | Home library | Current library | Shelving location | Total Checkouts | Full call number | Barcode | Date last seen | Copy number | Koha item type | Date of accession |
|---|---|---|---|---|---|---|---|---|---|---|---|---|
| Dewey Decimal Classification | JCC Rouf Library | JCC Rouf Library | General Stacks | 342.02 WHE 1951 | 12017 | 03/07/2018 | C-1 | Books | ||||
| Dewey Decimal Classification | JCC Rouf Library | JCC Rouf Library | General Stacks | 342.02 WHE 1951 | 12232 | 04/18/2018 | C-2 | Books | 04/17/2018 |